<?xml version="1.0" encoding="UTF-8"?>
<record
    xmlns:xsi="http://www.w3.org/2001/XMLSchema-instance"
    xsi:schemaLocation="http://www.loc.gov/MARC21/slim http://www.loc.gov/standards/marcxml/schema/MARC21slim.xsd"
    xmlns="http://www.loc.gov/MARC21/slim">

  <leader>02273nam a2200337 i 4500</leader>
  <controlfield tag="001">000008389</controlfield>
  <controlfield tag="003">DO-SdBNP</controlfield>
  <controlfield tag="005">20260526095509.0</controlfield>
  <controlfield tag="007">ta</controlfield>
  <controlfield tag="008">090916t2000    dr            001 e spa d</controlfield>
  <datafield tag="020" ind1=" " ind2=" ">
    <subfield code="a">9993481947</subfield>
  </datafield>
  <datafield tag="040" ind1=" " ind2=" ">
    <subfield code="a">DO-SdBNP</subfield>
    <subfield code="b">spa</subfield>
    <subfield code="c">BNPHU</subfield>
    <subfield code="e">rda</subfield>
  </datafield>
  <datafield tag="041" ind1=" " ind2=" ">
    <subfield code="a">spa</subfield>
  </datafield>
  <datafield tag="049" ind1=" " ind2=" ">
    <subfield code="a">BNPD</subfield>
  </datafield>
  <datafield tag="082" ind1=" " ind2="4">
    <subfield code="a">RD864.4408</subfield>
    <subfield code="b">T278l</subfield>
    <subfield code="2">22</subfield>
  </datafield>
  <datafield tag="245" ind1="0" ind2="0">
    <subfield code="a">Temas literarios /</subfield>
    <subfield code="c">editora, Irene P&#xE9;rez Guerra ; cuidado de edici&#xF3;n, Jos&#xE9; Chez Checo.</subfield>
  </datafield>
  <datafield tag="264" ind1=" " ind2="4">
    <subfield code="a">Santo Domingo :</subfield>
    <subfield code="b">Patronato de la Ciudad Colonial de Santo Domingo :</subfield>
    <subfield code="b">Centro de Altos Estudios Human&#xED;sticos y del Idioma Espa&#xF1;ol,</subfield>
    <subfield code="c">&#xA9;2000.</subfield>
  </datafield>
  <datafield tag="300" ind1=" " ind2=" ">
    <subfield code="a">234 p&#xE1;ginas ;</subfield>
    <subfield code="c">23 cm.</subfield>
  </datafield>
  <datafield tag="336" ind1=" " ind2=" ">
    <subfield code="a">texto</subfield>
    <subfield code="b">txt</subfield>
    <subfield code="2">rdacontent</subfield>
  </datafield>
  <datafield tag="337" ind1=" " ind2=" ">
    <subfield code="a">sin mediaci&#xF3;n</subfield>
    <subfield code="b">n</subfield>
    <subfield code="2">rdamedia</subfield>
  </datafield>
  <datafield tag="338" ind1=" " ind2=" ">
    <subfield code="a">volumen</subfield>
    <subfield code="b">nc</subfield>
    <subfield code="2">rdacarrier</subfield>
  </datafield>
  <datafield tag="500" ind1=" " ind2=" ">
    <subfield code="a">Incluye &#xED;ndice tem&#xE1;tico, topon&#xED;mico y onom&#xE1;stico.</subfield>
  </datafield>
  <datafield tag="505" ind1="0" ind2=" ">
    <subfield code="a">Presentaci&#xF3;n /</subfield>
    <subfield code="r">Consejo acad&#xE9;mico del Centro de Altos Estudios Human&#xED;sticos y del Idioma Espa&#xF1;ol --</subfield>
    <subfield code="t">Introducci&#xF3;n /</subfield>
    <subfield code="r">Irene P&#xE9;rez Guerra --</subfield>
    <subfield code="t">La literatura de las Antillas Holandesas dentro del marco de la literatura del Caribe /</subfield>
    <subfield code="r">Ram&#xF3;n Todd Dandar&#xE9; --</subfield>
    <subfield code="t">Las &#xFA;ltimas horas de Garc&#xED;a Lorca /</subfield>
    <subfield code="r">Mariano Lebr&#xF3;n Savi&#xF1;&#xF3;n --</subfield>
    <subfield code="t">Panorama de la poes&#xED;a actual en la Rep&#xFA;blica Dominicana /</subfield>
    <subfield code="r">V&#xED;ctor Villegas --</subfield>
    <subfield code="t">La poes&#xED;a de Tony Raful y el lir&#xED;smo como centro de la producci&#xF3;n po&#xE9;tica /</subfield>
    <subfield code="r">Mateo Morrison --</subfield>
    <subfield code="t">El problema de los universales en la literatura dominicana /</subfield>
    <subfield code="r">Andr&#xE9;s L. Mateo --</subfield>
    <subfield code="t">Franklin Mieses Burgos, una cumbre de la poes&#xED;a universal /</subfield>
    <subfield code="r">Le&#xF3;n David --</subfield>
    <subfield code="t">Salom&#xE9; Ure&#xF1;a, una desmitificaci&#xF3;n necesaria /</subfield>
    <subfield code="r">Sherezada Vicioso (Chiqui) --</subfield>
    <subfield code="t">La generaci&#xF3;n del 80: una visi&#xF3;n cr&#xED;tica /</subfield>
    <subfield code="r">Jos&#xE9; M&#xE1;rmol --</subfield>
    <subfield code="t">Pedro Henr&#xED;quez Ure&#xF1;a : su relaci&#xF3;n con Jorge Lu&#xED;s Borges y Alfonso Reyes /</subfield>
    <subfield code="r">Juan Salvador Tav&#xE1;rez --</subfield>
    <subfield code="t">La mujer en relaci&#xF3;n con la creaci&#xF3;n literaria y su entorno /</subfield>
    <subfield code="r">Pepa Acevedo --</subfield>
    <subfield code="g">&#xCD;ndice tem&#xE1;tico --</subfield>
    <subfield code="g">&#xCD;ndice topon&#xED;mico --</subfield>
    <subfield code="g">&#xCD;ndice onom&#xE1;stico .</subfield>
  </datafield>
  <datafield tag="590" ind1=" " ind2=" ">
    <subfield code="a">Inventariado, 2024/DG</subfield>
  </datafield>
  <datafield tag="650" ind1=" " ind2="4">
    <subfield code="a">Ensayos dominicanos</subfield>
    <subfield code="x">Colecciones</subfield>
    <subfield code="9">22619</subfield>
  </datafield>
  <datafield tag="650" ind1=" " ind2="4">
    <subfield code="a">Literatura dominicana</subfield>
    <subfield code="x">Colecciones</subfield>
    <subfield code="9">352</subfield>
  </datafield>
  <datafield tag="700" ind1="1" ind2=" ">
    <subfield code="a">P&#xE9;rez Guerra, Irene,</subfield>
    <subfield code="e">editor</subfield>
    <subfield code="4">ed.</subfield>
    <subfield code="9">19025</subfield>
  </datafield>
  <datafield tag="700" ind1="1" ind2=" ">
    <subfield code="a">Chez Checo, Jos&#xE9;,</subfield>
    <subfield code="d">1949-</subfield>
    <subfield code="e">editor</subfield>
    <subfield code="4">ed.</subfield>
    <subfield code="9">10145</subfield>
  </datafield>
  <datafield tag="910" ind1=" " ind2=" ">
    <subfield code="a">Validado. Control de calidad EMS.</subfield>
  </datafield>
  <datafield tag="942" ind1=" " ind2=" ">
    <subfield code="2">ddc</subfield>
    <subfield code="c">LBS1</subfield>
  </datafield>
  <datafield tag="952" ind1=" " ind2=" ">
    <subfield code="0">0</subfield>
    <subfield code="1">0</subfield>
    <subfield code="2">ddc</subfield>
    <subfield code="5">6</subfield>
    <subfield code="7">0</subfield>
    <subfield code="8">DS</subfield>
    <subfield code="a">BNPHU</subfield>
    <subfield code="b">BNPHU</subfield>
    <subfield code="c">HD</subfield>
    <subfield code="d">2009-09-16</subfield>
    <subfield code="l">0</subfield>
    <subfield code="o">BNPHU DS RD864.4408 T278l</subfield>
    <subfield code="p">8389-30</subfield>
    <subfield code="r">2020-06-25</subfield>
    <subfield code="t">e. 3</subfield>
    <subfield code="w">2020-06-25</subfield>
    <subfield code="y">LBS1</subfield>
    <subfield code="Z">Pr&#xE9;stamo en sala</subfield>
  </datafield>
  <datafield tag="952" ind1=" " ind2=" ">
    <subfield code="0">0</subfield>
    <subfield code="1">0</subfield>
    <subfield code="2">ddc</subfield>
    <subfield code="5">1</subfield>
    <subfield code="7">0</subfield>
    <subfield code="8">PD</subfield>
    <subfield code="a">BNPHU</subfield>
    <subfield code="b">BNPHU</subfield>
    <subfield code="c">HD</subfield>
    <subfield code="d">2009-09-16</subfield>
    <subfield code="l">0</subfield>
    <subfield code="o">BNPHU DS RD864.4408 T278l</subfield>
    <subfield code="p">8389-10</subfield>
    <subfield code="r">2020-06-25</subfield>
    <subfield code="w">2020-06-25</subfield>
    <subfield code="y">LBS1</subfield>
    <subfield code="Z">No se presta</subfield>
  </datafield>
  <datafield tag="952" ind1=" " ind2=" ">
    <subfield code="0">0</subfield>
    <subfield code="1">0</subfield>
    <subfield code="2">ddc</subfield>
    <subfield code="5">1</subfield>
    <subfield code="7">0</subfield>
    <subfield code="8">PD</subfield>
    <subfield code="a">BNPHU</subfield>
    <subfield code="b">BNPHU</subfield>
    <subfield code="c">HD</subfield>
    <subfield code="d">2009-09-16</subfield>
    <subfield code="l">0</subfield>
    <subfield code="o">BNPHU PD RD864.4408 T278l</subfield>
    <subfield code="p">8389-20</subfield>
    <subfield code="r">2020-06-25</subfield>
    <subfield code="t">e. 2</subfield>
    <subfield code="w">2020-06-25</subfield>
    <subfield code="y">LBS1</subfield>
    <subfield code="Z">No se presta</subfield>
  </datafield>
  <datafield tag="952" ind1=" " ind2=" ">
    <subfield code="0">0</subfield>
    <subfield code="1">0</subfield>
    <subfield code="2">ddc</subfield>
    <subfield code="5">6</subfield>
    <subfield code="7">0</subfield>
    <subfield code="8">DS</subfield>
    <subfield code="a">BNPHU</subfield>
    <subfield code="b">BNPHU</subfield>
    <subfield code="c">HD</subfield>
    <subfield code="d">2024-11-06</subfield>
    <subfield code="e">Donado por la Presidencia de la Rep&#xFA;blica Dominicana 2023</subfield>
    <subfield code="l">0</subfield>
    <subfield code="o">BNPHU DS RD864.4408 T278l</subfield>
    <subfield code="p">2024-6334</subfield>
    <subfield code="r">2024-11-06</subfield>
    <subfield code="t">e.4</subfield>
    <subfield code="w">2024-11-06</subfield>
    <subfield code="y">LBS1</subfield>
    <subfield code="z">Pertenecio a la biblioteca personal de Emilio Cordero Michel.</subfield>
  </datafield>
  <datafield tag="999" ind1=" " ind2=" ">
    <subfield code="c">8160</subfield>
    <subfield code="d">8160</subfield>
  </datafield>
</record>
